| 000 | 00790nam a22002537a 4500 | ||
|---|---|---|---|
| 005 | 20110810150119.0 | ||
| 008 | 110810t xxu||||| |||| 00| 0 eng d | ||
| 010 | _aENG-103279 | ||
| 020 |
_c120.00 _a9788189392109 |
||
| 035 | _aEN-86812 | ||
| 037 | _bDBAD/PUB | ||
| 040 |
_aDPL _bEng |
||
| 082 | _aS | ||
| 100 |
_931629 _aBarthakur, Inderjit Kaur |
||
| 245 |
_aA bee-tanker / _cby Inderjit Kaur Barthakur |
||
| 260 |
_aNew Delhi _bKumud Books _c2011 |
||
| 270 |
_aC 8/8806, Vasant Kunj _bNew Delhi _e110070 |
||
| 300 |
_axiv,170p. _c18cm (pbk) |
||
| 490 |
_atravel companion-5 _932323 |
||
| 650 | _931639 | ||
| 700 | _931640 | ||
| 942 |
_2ddc _cEN _mBAR _hS |
||
| 999 |
_c55188 _d55188 |
||